00925cam a2200277 a 4500001000500000005001700005020001500022040002300037050001500060082001400075100003700089245010500126260003300231300004700264490002800311500002000339505000800359520010800367521002000475521002000495650003200515650002000547700002500567700002000592700003500612164620250731140759.0 a0439357713 aDLCcDLCdDLCbeng00aPR2771.K3700a821.32211 aShakespeare, Williamd1564-1616.10aWilliam Shakespeare cedited by David Scott Kastan & Marina Kastan ; illustrated by Glen Harrington. aNew York :bScholasticc2000 a48 pages : bColor illustrations ;c26 cm  aPoetry for young people aIncludes index. aZ  aIntroduces the poetry of William Shakespeare through a sampling of sonnets and excerpts from his plays. a900 bLexile  aZ bRaz-Plus  0aChildren's poetry, English. 1aEnglish poetry.1 aKastan, David Scott.1 aKastan, Marina.1 aHarrington, Glenneillustrator